|
|
|
|
| LEADER |
00000cam a2200000 7i4500 |
| 001 |
0000011959 |
| 005 |
20150201.0 |
| 008 |
071121 |
| 020 |
|
|
|a 9831924088
|
| 090 |
0 |
0 |
|a 155.2
|b AHM
|
| 100 |
0 |
|
|a Ahmad Zabidi Abdul Razak
|
| 245 |
1 |
0 |
|a Memimpin diri sendiri
|c Ahmad Zabidi Abdul Razak
|
| 260 |
|
|
|a Pahang :
|b PTS Publications & Distributors ,
|c 2004
|
| 440 |
|
|
|a Siri motivasi
|
| 650 |
|
0 |
|a Malay fiction
|
| 650 |
|
0 |
|a Self
|x help techniques
|
| 999 |
|
|
|a 0000890975
|b Book
|c Adult Collection
|e Cawangan Kota Tinggi
|
| 999 |
|
|
|a 0000890981
|b Book
|c Adult Collection
|e Cawangan Kota Tinggi
|
| 999 |
|
|
|a 0000890983
|b Book
|c Adult Collection
|e Cawangan Mersing
|
| 999 |
|
|
|a 0000892954
|b Book
|c Adult Collection
|e Cawangan Mersing
|
| 999 |
|
|
|a 0000892955
|b Book
|c Adult Collection
|e Cawangan Tmn. Ungku Tun Aminah
|
| 999 |
|
|
|a 0000892957
|b Book
|c Adult Collection
|e Cawangan Bandar Penawar
|
| 999 |
|
|
|a 0001003332
|b Book
|c Adult Collection
|e Perbadanan Perpustakaan Awam Johor
|
| 999 |
|
|
|a 0001003333
|b Book
|c Adult Collection
|e Perbadanan Perpustakaan Awam Johor
|